| 000 | 01196nam a2200325 i 4500 | ||
|---|---|---|---|
| 999 |
_c200451331 _d69543 |
||
| 001 | 200451331 | ||
| 003 | TR-AnTOB | ||
| 005 | 20230116093402.0 | ||
| 007 | ta | ||
| 008 | 211125s19949999tu 000 0 tur d | ||
| 035 | _a(TR-AnTOB)200451331 | ||
| 040 |
_aTR-AnTOB _beng _erda _cTR-AnTOB |
||
| 041 | 0 | _atur | |
| 050 | 1 | 4 |
_aHF1414.4 _b.İ37 1994 |
| 090 |
_aHF1414.4 _b.İ37 1994 |
||
| 245 | 0 | 0 | _aİhracat açısından ülke değerlendirmeleri. |
| 264 | 1 |
_a[Ankara] : _bT.C. Başbakanlık Dış Ticaret Müsteşarlığı İhracat Genel Müdürlüğü ; _bİstanbul Maden ve Metaller İhracatçı Birlikleri Genel Sekreterliği, _c1994- |
|
| 300 |
_avolumes : _billustrations ; _c28 cm |
||
| 336 |
_2rdacontent _atext _btxt |
||
| 337 |
_2rdamedia _aunmediated _bn |
||
| 338 |
_2rdacarrier _avolume _bnc |
||
| 500 | _a"Yıl 1994: sayı: 1" | ||
| 650 | 7 |
_aİhracat _2etuturkob _943828 |
|
| 650 | 7 |
_aUluslararası ticaret _2etuturkob _923531 |
|
| 710 | 1 |
_aTürkiye. _bDış Ticaret Müsteşarlığı. _bİhracat Genel Müdürlüğü _9135804 |
|
| 710 | 2 |
_aİstanbul Maden ve Metaller İhracatçı Birlikleri _9115899 |
|
| 942 |
_2lcc _cBK |
||